Statistiken für Stadt zu Land #27

Klicken Sie hier um das Quiz zu spielen!

Allgemein

  • Dieses Quiz wurde 126 mal gespielt
  • Das Durchschnittsergebnis liegt bei 11 aus 15

Antwortstatistiken

StadtLand% Korrekt
AntwerpenBelgien
99%
LinzÖsterreich
99%
EdinburghVereinigtes Königreich
95%
CincinnatiVereinigte Staaten
95%
PerthAustralien
93%
LuxorÄgypten
90%
WinnipegKanada
90%
MedinaSaudi Arabien
73%
KandaharAfghanistan
59%
ManausBrasilien
59%
PécsUngarn
59%
AdenJemen
58%
SowetoSüdafrika
58%
NarvaEstland
19%
MekeleÄthiopien
10%

Verteilung der Resultate

Perzentil nach korrekt beantworteten Fragen

Anzahl Personen mit jedem Resultat

Ihre Resultats-Entwicklung

Sie haben dieses Quiz noch nicht gespielt